The Sunday school and missions. (Record no. 2220)

MARC details
000 -LEADER
fixed length control field 00705cam a22002531 4500
001 - CONTROL NUMBER
control field 9811145
003 - CONTROL NUMBER IDENTIFIER
control field GBCCL
005 - DATE AND TIME OF LATEST TRANSACTION
control field 20241126110423.0
008 - FIXED-LENGTH DATA ELEMENTS--GENERAL INFORMATION
fixed length control field 840308s1957 tnu 000 0 eng
010 ## -
-- 57012143
035 ## - SYSTEM CONTROL NUMBER
System control number (OCoLC)10497468
040 ## - CATALOGING SOURCE
Original cataloging agency DLC
Transcribing agency TxHBC
Modifying agency DLC
042 ## -
-- premarc
050 00 -
-- BV2090
-- .H65
082 ## - DEWEY DECIMAL CLASSIFICATION NUMBER
Classification number 266.007
Item number HOW
100 1# - MAIN ENTRY--PERSONAL NAME
Personal name Howse, William Lewis,
Dates associated with a name 1905-
9 (RLIN) 4553
245 14 - TITLE STATEMENT
Title The Sunday school and missions.
260 ## - PUBLICATION, DISTRIBUTION, ETC.
Place of publication, distribution, etc. Nashville,
Name of publisher, distributor, etc. Convention Press
Date of publication, distribution, etc. [1957]
300 ## - PHYSICAL DESCRIPTION
Extent 146 p.
Dimensions 19 cm.
650 #0 - SUBJECT ADDED ENTRY--TOPICAL TERM
Topical term or geographic name entry element Missions
General subdivision Study and teaching.
9 (RLIN) 4554
650 #0 - SUBJECT ADDED ENTRY--TOPICAL TERM
Topical term or geographic name entry element Sunday schools.
9 (RLIN) 4555
906 ## - LOCAL DATA ELEMENT F, LDF (RLIN)
a 7
b cbc
c oclcrpl
d u
e ncip
f 19
g y-gencatlg
942 ## - ADDED ENTRY ELEMENTS (KOHA)
Source of classification or shelving scheme Dewey Decimal Classification
Koha item type Books
Koha issues (borrowed), all copies 5
Holdings
Withdrawn status Lost status Source of classification or shelving scheme Damaged status Not for loan Home library Current Library Shelving location Date acquired Total checkouts Full call number Barcode Date last seen Date last checked out Copy number Price effective from Koha item type
    Dewey Decimal Classification     GRACE BIBLE COLLEGE GRACE BIBLE COLLEGE Ministry & Mission 2017-07-17 2 266.007 HOW 009097 2025-05-01 2018-09-25 c.1 2017-07-17 Books
    Dewey Decimal Classification     GRACE BIBLE COLLEGE GRACE BIBLE COLLEGE Ministry & Mission 2018-08-06 4 266.007 HOW 013582 2025-09-29 2025-09-26 c.2 2018-08-06 Books
© Grace Bible College Library 2025